00733nam a2200169 4500003001100000005001700011008004100028022001500069040003900084041000800123082001500131245016100146260005100307300003300358650002500391856014700416LK-CoMWRAF20240315140312.0230924b2001 |||||||| |||| 00| 0 eng d a9517243480 aLK-CoMWRAFdLK-CoMWRAFeLK-CoMWRAF aeng a321.8bTHI aThinking strategically about democracy assistance:bA handbook on democracy, human rights and good governance assistance in Finnish development co-operation aHelsinki:bMinistry for foreign affairs,c2001 a90 p.bBibliography included aDEMOCRACY ASSISTANCE uhttps://um.fi/documents/35732/48132/thinking_strategically_about_democracy_assistance.pdf/b01de4a1-8f5a-ba23-d442-b7716bb3df36?t=1560452041776